Caminos de la fábula : antología /

La fábula es una de las formas literarias más antiguas que existen. Desde tiempos remotísimos los hombres han contado estas historias breves, en prosa o en verso, para educar y divertir, mostrar defectos y virtudes, trasmitir experiencias y sabiduría. Esta antología las expone a través de una gran d...

Descripción completa

Guardado en:
Otros Autores: Serrano, María de los Ángeles; comp., Lima, Juan; il., Hitopadeza., Huai Nan Zi., Liu Xiang., Liu Zongyuan., Esopo., Fedro., de La Fontaine, Jean., de Iriarte, Tomás., Samaniego, Félix María., Hartzenbusch, Juan Eugenio., de Madariaga, Salvador., Krylov, Iván., Tolstoi, León., Pombo, Rafael., Rosas Moreno, José., Obligado, Rafael., Daireaux, Godofredo., González, Joaquín V., Montero Lobato, José B., Dávalos, Juan Carlos., Morales, Ernesto., Mistral, Gabriela., Yunque, Álvaro., Franco, Luis., Castellani, Leonardo., Berdiales, Germán., Tallon, José Sebastián., Villafañe, Javier., Doumerc, Beatriz., Birmajer, Marcelo.
Formato: Libro
Idioma:Undetermined
Publicado: Buenos Aires : Colihue, 2014.
Edición:1a ed.
Series:Los libros de Boris
Materias:
Etiquetas: Agregar Etiqueta
Sin Etiquetas, Sea el primero en etiquetar este registro!
LEADER 07602nam a22005895a 4500
001 CEM.cems020339
008 230814s2014####ag############000#0#und#d
005 20230814170946.0
245 1 0 |a Caminos de la fábula :  |b antología /  |c Compilado por María de los Ángeles Serrano ; ilustrado por Juan Lima. 
250 |a 1a ed. 
260 |a Buenos Aires :  |b Colihue,  |c 2014. 
300 |a 224 p. 
490 1 |a Los libros de Boris 
500 |a Edición especial para el Ministerio de Educación de la Nación. 
520 |a La fábula es una de las formas literarias más antiguas que existen. Desde tiempos remotísimos los hombres han contado estas historias breves, en prosa o en verso, para educar y divertir, mostrar defectos y virtudes, trasmitir experiencias y sabiduría. Esta antología las expone a través de una gran diversidad de procedencias y autores, en una trayectoria que arranca de Oriente, Grecia y Roma, pasa luego a Europa y finalmente a América. En su devenir es posible reencontrar, una y otra vez, análogos temas, motivos y personajes, recreados por diversos pueblos en muy variadas formas. Se incluyen más de cien relatos en los que hombres, animales, plantas, seres míticos y hasta cosas inanimadas toman la palabra para darnos alguna lección 
505 0 |a El cuervo, el ratón, la tortuga y el ciervo / Hitopadeza -- El chacal azul / Hitopadeza -- El ciego y el cojo / Huai Nan Zi -- El zorro que se aprovechó del poder del tigre / Liu Xiang -- La cigarra, el mantis y el gorrión / Liu Xiang -- El asno de Guizhou / Liu Zongyuan -- La astucia del cazador / Liu Zongyuan -- Los hijos del labrador / Esopo -- El ciervo, el manantial y el león / Esopo -- El cabrito y el lobo flautista / Esopo -- La zorra y el chivo / Esopo -- El cuervo y la zorra / Esopo -- El león y el ratón agradecido / Esopo -- El león y la liebre / Esopo -- Los dos viajeros y el oso / Esopo -- El pastor bromista / Esopo -- La liebre y la tortuga / Esopo -- El lobo y el cordero / Fedro -- El perro que soltó su presa por otra / Fedro -- La zorra y el cuervo / Fedro -- La rana que quiso ser como el buey / Fedro -- Los dos mulos y los ladrones / Fedro -- La cigarra y la hormiga / Jean de La Fontaine -- El cuervo y el zorro / Jean de La Fontaine -- El león y el ratón / Jean de La Fontaine -- La paloma y la hormiga / Jean de La Fontaine -- El gallo y el zorro / Jean de La Fontaine -- El caballo que quiso vengarse del ciervo / Jean de La Fontaine -- El lobo, la cabra y el cabrito / Jean de La Fontaine -- La gallina de los huevos de oro / Jean de La Fontaine -- El oso y los dos compañeros / Jean de La Fontaine -- La tortuga y los dos patos / Jean de La Fontaine -- El oso, la mona y el cerdo / Tomás de Iriarte -- El burro flautista / Tomás de Iriarte -- Los dos conejos / Tomás de Iriarte -- La rana y la gallina / Tomás de Iriarte -- La ardilla y el caballo / Tomás de Iriarte -- El muchacho y la fortuna / Félix María Samaniego -- El ciervo en la fuente / Félix María Samaniego -- Los dos amigos y el oso / Félix María Samaniego -- La lechera / Félix María Samaniego -- El congreso de los ratones / Félix María Samaniego -- El viejo y la muerte / Félix María Samaniego -- La zorra y las uvas / Félix María Samaniego -- El cuervo y el zorro / Félix María Samaniego -- El perro y el cocodrilo / Félix María Samaniego -- La alforja / Félix María Samaniego -- La prudencia humana / Juan Eugenio Hartzenbusch -- El dromedario y el camello / Juan Eugenio Hartzenbusch -- El peral / Juan Eugenio Hartzenbusch -- A su tiempo cada cosa / Juan Eugenio Hartzenbusch -- Los tres quejosos / Juan Eugenio Hartzenbusch -- Las dos monas / Salvador de Madariaga -- El cuervo y la zorra / Iván Krylov -- Los gansos / Iván Krylov -- La zorra bondadosa / Iván Krylov -- Riquezas que Dios da al hombre / León Tolstoi -- Los dos campesinos / León Tolstoi -- La piedra / León Tolstoi -- El mujik y el Espíritu de las Aguas / León Tolstoi -- El mujik y los pepinos / León Tolstoi -- El coche / Rafael Pombo -- El pinzón y la urraca / Rafael Pombo -- El sol y el polvo / Rafael Pombo -- Los busca-tesoros / Rafael Pombo -- La marrana peripuesta / Rafael Pombo -- La tela de araña / José Rosas Moreno -- LA vanidad / José Rosas Moreno -- El grillo / José Rosas Moreno -- Las caricias del burro / José Rosas Moreno -- El vizcachón y el mochuelo / Rafael Obligado -- Donde las dan las toman / Fray Mocho -- El hombre y la oveja / Godofredo Daireaux -- La vizcacha y el pejerrey / Godofredo Daireaux -- El loro muerto / Godofredo Daireaux -- El escuerzo y el buey / Godofredo Daireaux -- El Sol y el Pampero / Godofredo Daireaux -- La avestruz y la tortuga / Godofredo Daireaux -- Los animales y la peste / Godofredo Daireaux -- El nogal apaleado / Joaquín V. González -- La lechuza y el "Rey de los Pajaritos" / Joaquín V. González -- El anciano, el niño y el burro / José B. Montero Lobato -- La piel del oso / José B. Montero Lobato -- La onza enferma / José B. Montero Lobato -- Liga de las Naciones / José B. Montero Lobato -- El convite de la Chuña / Juan Carlos Dávalos -- La Chuña y el zorro zambullidor / Juan Carlos Dávalos -- El mal consejo / Ernesto Morales -- Las llamas / Ernesto Morales -- El teyú-jhoví / Ernesto Morales -- La raíz del rosal / Gabriela Mistral -- Limpia tu fuente / Gabriela Mistral -- La obra maestra / Álvaro Yunque -- La autoridad estética / Álvaro Yunque -- Idioma universal / Álvaro Yunque -- Los súbditos / Álvaro Yunque -- Remedio / Álvaro Yunque -- Otra vez "Le Corbeau et le Renard" / Álvaro Yunque -- Alegría / Álvaro Yunque -- El zorro y la piedra / Luis Franco -- El loro y el zorro / Luis Franco -- El zorzalito / Leonardo Castellani -- El bien que nos hacen / Leonardo Castellani -- El cicutal / Leonardo Castellani -- Los amigos / Germán Berdiales -- La estrella / Germán Berdiales -- El puño / Germán Berdiales -- Las mariposas / Germán Berdiales -- La gota de agua / José Sebastián Tallon -- La arañita / José Sebastián Tallon -- El viejo ratón / Javier Villafañe -- Los dos tordos / Beatriz Doumerc -- La cigarra y la hormiga / Oche Califa -- La hormiga buena / José B. Montero Lobato -- La intención de la tortuga / Marcelo Birmajer -- El otro fin / Marcelo Birmajer -- Costumbres / Marcelo Birmajer 
020 |a 9789876848213 
700 1 |a Serrano, María de los Ángeles; comp. 
700 1 |a Lima, Juan; il. 
700 1 |a Hitopadeza. 
700 1 |a Huai Nan Zi. 
700 1 |a Liu Xiang. 
700 1 |a Liu Zongyuan. 
700 1 |a Esopo. 
700 1 |a Fedro. 
700 1 |a de La Fontaine, Jean. 
700 1 |a de Iriarte, Tomás. 
700 1 |a Samaniego, Félix María. 
700 1 |a Hartzenbusch, Juan Eugenio. 
700 1 |a de Madariaga, Salvador. 
700 1 |a Krylov, Iván. 
700 1 |a Tolstoi, León. 
700 1 |a Pombo, Rafael. 
700 1 |a Rosas Moreno, José. 
700 1 |a Obligado, Rafael. 
700 1 |a Daireaux, Godofredo. 
700 1 |a González, Joaquín V. 
700 1 |a Montero Lobato, José B. 
700 1 |a Dávalos, Juan Carlos. 
700 1 |a Morales, Ernesto. 
700 1 |a Mistral, Gabriela. 
700 1 |a Yunque, Álvaro. 
700 1 |a Franco, Luis. 
700 1 |a Castellani, Leonardo. 
700 1 |a Berdiales, Germán. 
700 1 |a Tallon, José Sebastián. 
700 1 |a Villafañe, Javier. 
700 1 |a Doumerc, Beatriz. 
700 1 |a Birmajer, Marcelo. 
653 |a Fábulas 
653 |a Literatura infantil y juvenil 
859 |a CEMS  |b BIB. CEMS - Inicial y Primaria  |h 398.2  |i Se683  |k IP  |p 5423  |t Ej.1